LEADER 02421nas1 2200493 n 450 001 990000000630503321 005 20240229082507.0 011 $a0014-0015 035 $a000000063 035 $aFED02000000063 035 $a(Aleph)000000063FED02 091 $2CNR$aP 00053586 100 $a20091027a19479999km-y0itaa50------ba 101 0 $ager 102 $aDE 110 $aauu-------- 200 1 $aErdkunde$eArchiv für wissenschaftliche Geographie 207 1$a1947- 210 $aBonn$cBoss 326 $aTrimestrale 391 $a1992-2002 ; 2004-2013 530 0 $aErdkunde 675 $a308 675 $a330.15 675 $a631 675 $a91 675 $a911.2 712 02$aUniversität Bonn$bGeographisches Institut 801 0$aIT$bACNP$c20090723 859 4 $uhttp://acnp.cib.unibo.it/cgi-ser/start/it/cnr/dc-p1.tcl?catno=36327&person=false&language=ITALIANO&libr=&libr_th=unina$zBiblioteche che possiedono il periodico 901 $aSE 912 $a990000000630503321 958 $aBiblioteca del Dipartimento Analisi dei Processi ELPT Sezione Scienze Geografiche - Università Federico II$b1978-$c1991;$fDECGE 958 $aBiblioteca. Dipartimento Matematico Statistico dell'Università Federico II. Napoli$b1978-1981;$fMAS 958 $aNucleo Bibliotecario di Geografia.Facoltà di Lettere e Filosofia.Università degli Studi di Napoli Federico II$b1947-1982;1988-$ePERIOD 7$fILFGE 959 $aDECGE 959 $aMAS 959 $aILFGE 996 $aErdkunde$9794985 997 $aUNINA AP1 8 $6866-01$aNA033 Biblioteca del Dipartimento Analisi dei Processi ELPT Sezione Scienze Geografiche - Università Federico II$evia Cintia-Compl. Univ. Monte S.Angelo, 80126 Napoli (NA)$m081 675240$m081 675244$nit AP1 8 $6866-02$aNA036 Biblioteca. Dipartimento Matematico Statistico dell'Università Federico II. Napoli$eV. Cintia-Complesso Universitario Monte, 80126 S. Angelo Napoli (NA)$m(081) 675175/76 - 081675011$m081675009$nit AP1 8 $6866-03$aNA239 Nucleo Bibliotecario di Geografia.Facoltà di Lettere e Filosofia.Università degli Studi di Napoli Federico II$bPERIOD 7$evia Rodinò 22/Largo S. Marcellino 10, 80138 Napoli (NA)$m0812538238$nit AP2 40$aacnp.cib.unibo.it$nACNP Italian Union Catalogue of Serials$uhttp://acnp.cib.unibo.it/cgi-ser/start/it/cnr/df-p.tcl?catno=36327&language=ITALIANO&libr=&person=&B=1&libr_th=unina&proposto=NO